[Event "Ch Sweden"]
[Site "masterchessopen.com Lindesberg (Sweden)"]
[Round "0"]
[White "Lindberg Bengt (SWE)"]
[Black "Moberg Karl Johan (SWE)"]
[Result "1-0"]
[WhiteElo "2414"]
[BlackElo "2296"]

1.Nf3 Nf6 2.g3 g6 3.Bg2 Bg7 4.O-O O-O 5.c4 c6 6.d4 d5 7.Nbd2 Bf5 8.b3 a5 9.a3
Ne4 10.Bb2 Nd7 11.Rc1 Qb6 12.cxd5 cxd5 13.Nh4 Nxd2 14.Qxd2 Qxb3 15.Nxf5 gxf5
16.Rc7 Nb6 17.Bc1 e6 18.Rxb7 Rfb8 19.Rxb8+ Rxb8 20.Qg5 Nc4 21.Bf4 Re8 22.g4
fxg4 23.e4 dxe4 24.Bxe4 Qb6 25.Rd1 f5 26.Bd3 Qxd4 27.Be2 h6 28.Qg6 Qxf4 29.Rd7
Qc1+ 30.Bf1 Qa1 31.Qxe8+ Kh7 32.Qxe6 Ne5 33.Qxf5+ Ng6 34.Rd6 {#r} 1-0

[Event "It (open)"]
[Site "masterchessopen.com Matra (Hungary)"]
[Round "0"]
[White "Foldi Istvan (HUN)"]
[Black "Gempe Anet (GER)"]
[Result "1-0"]
[WhiteElo "2285"]
[BlackElo "2014"]

1.d4 Nf6 2.Nf3 g6 3.g3 Bg7 4.Bg2 O-O 5.O-O d5 6.c4 c6 7.Nbd2 Nbd7 8.b3 Ne4
9.Nxe4 dxe4 10.Ng5 Nf6 11.e3 Bf5 12.Qc2 c5 13.Bb2 cxd4 14.Bxd4 h6 15.Nxe4 Nxe4
16.Bxe4 Bxd4 17.exd4 Bxe4 18.Qxe4 Qd7 19.Rfe1 e6 20.Qf4 Kg7 21.Rad1 Rad8
22.Qe5+ {#r} 1-0

[Event "It (open) \"]
[Site "masterchessopen.com Pardubice (Czech Republic)"]
[Round "3"]
[White "Stajcic Nikola (AUT)"]
[Black "Krasenkow Michal (POL)"]
[Result "0-1"]
[WhiteElo "2270"]
[BlackElo "2595"]

1.d4 Nf6 2.Nf3 g6 3.g3 Bg7 4.Bg2 O-O 5.O-O d5 6.Nbd2 c6 7.c4 Bf5 8.b3 a5 9.Bb2
Qb6 10.Ne5 a4 11.Bc3 a3 12.b4 Na6 13.Qb3 Nc7 14.Rfe1 dxc4 15.Ndxc4 Qa6 16.Nd2
Nb5 17.Rac1 Be6 18.Qb1 Nd5 19.Ba1 Qa4 20.Bxd5 cxd5 21.Rc5 b6 22.Rcc1 Rfc8
23.Qb3 Qxb3 24.Nxb3 Bf5 25.e3 f6 26.Nc6 Kf8 27.e4 Bxe4 28.Nxe7 Kxe7 29.f3 Rxc1
30.Nxc1 f5 31.fxe4 fxe4 32.Nb3 Ra4 33.Rc1 Rxb4 34.Rc6 Bxd4+ 35.Bxd4 Nxd4
36.Nxd4 Rxd4 37.Rxb6 Rd2 {#R} 0-1

[Event "It (open)"]
[Site "masterchessopen.com Silvaplana (Switzerland)"]
[Round "0"]
[White "Giertz Niklaus (SUI)"]
[Black "Staechelin Ruedi (SUI)"]
[Result "1-0"]
[WhiteElo "2246"]
[BlackElo "2089"]

1.Nf3 c6 2.c4 d5 3.d4 Nf6 4.Nbd2 g6 5.g3 Bg7 6.Bg2 O-O 7.O-O Nbd7 8.b3 dxc4
9.Nxc4 c5 10.Bb2 cxd4 11.Bxd4 Ne8 12.Rc1 Nc7 13.Bxg7 Kxg7 14.Qc2 Ne6 15.Rfd1
Qc7 16.Qb2+ Nf6 17.Ne3 Qa5 18.Nd5 Re8 19.Ne5 Qa6 20.Ng4 Rd8 21.Ngxf6 exf6
22.Qxf6+ Kg8 23.Ne7+ Kf8 24.Nxg6+ hxg6 25.Rxd8+ Nxd8 {#r} 1-0

[Event "It (open)"]
[Site "masterchessopen.com Szeged (Hungary)"]
[Round "0"]
[White "Weldon Charles (USA)"]
[Black "Borocz Istvan (HUN)"]
[Result "1-0"]
[WhiteElo "2305"]
[BlackElo "1855"]

1.d4 Nf6 2.Nf3 g6 3.c4 Bg7 4.g3 O-O 5.Bg2 c6 6.O-O d5 7.Nbd2 a5 8.b3 Na6 9.Bb2
Bf5 10.Ne5 Nd7 11.Nxd7 Qxd7 12.Rc1 Bh3 13.e3 Nb4 14.Bxh3 Qxh3 15.cxd5 Nxd5
16.Ne4 Rfe8 17.Qf3 h6 18.Nc5 Qc8 19.e4 Nb4 20.a3 Na6 21.Nxa6 Rxa6 22.Kg2 h5
23.Rfd1 Rd8 24.h3 Rd7 25.g4 Rd6 26.e5 hxg4 27.hxg4 Rd8 28.a4 Qe6 29.Ba3 Raa8
30.Bc5 Bh6 31.Rb1 Kg7 32.Qe4 Rh8 33.Kg3 Bg5 34.f4 Bh4+ 35.Kf3 Rad8 36.f5 Qd7
37.Bb6 Rdg8 38.Rh1 Kf8 39.Rbg1 gxf5 40.gxf5 Rxg1 41.Rxg1 Rh5 42.e6 fxe6
43.fxe6 Qd5 44.Qxd5 Rxd5 45.Bc5 Rf5+ 46.Ke4 Rf6 47.Ke5 Rf2 48.Rg6 Rf3 49.b4
axb4 50.Bxb4 Rf2 51.d5 cxd5 52.Kxd5 Rf4 53.Bd2 Rf5+ 54.Ke4 Rh5 55.Bh6+ Rxh6
56.Rxh6 Bf2 57.Rh5 Kg7 58.Rf5 Ba7 59.Rf7+ Kg6 60.Rxe7 Kf6 61.Rxb7 Bg1 {#r} 1-0

[Event "Ch Europe (juniors) (under 16)"]
[Site "masterchessopen.com Szombathely (Hungary)"]
[Round "0"]
[White "Ruck Robert (HUN)"]
[Black "Kaminski Marcin (POL)"]
[Result "0-1"]
[WhiteElo "2579"]
[BlackElo "2457"]

1.c4 g6 2.g3 Nf6 3.Bg2 c6 4.d4 d5 5.Nd2 Bg7 6.Ngf3 O-O 7.O-O Bf5 8.b3 a5 9.Bb2
Ne4 10.Nh4 Nxd2 11.Qxd2 Be6 12.Rfc1 a4 13.Qb4 a3 14.Bc3 Qd7 15.Nf3 Rc8 16.cxd5
Bxd5 17.Ne1 Bxg2 18.Kxg2 b5 19.Nd3 Na6 20.Qxa3 c5 21.Qa5 Nb4 22.Qb6 Nxd3
23.exd3 Rab8 24.Qa6 Rc6 25.Qa3 b4 {#R} 0-1

[Event "It (open)"]
[Site "masterchessopen.com Zalakaros (Hungary)"]
[Round "0"]
[White "Korpics Zsolt (HUN)"]
[Black "Gyorkos Lajos (HUN)"]
[Result "0-1"]
[WhiteElo "2319"]
[BlackElo "2395"]

1.Nf3 g6 2.c4 Bg7 3.d4 Nf6 4.g3 O-O 5.Bg2 c6 6.O-O d5 7.Nbd2 dxc4 8.Nxc4 a5
9.Bf4 Be6 10.Qc2 Na6 11.a3 Bd5 12.Be5 a4 13.Ncd2 Nb8 14.b3 axb3 15.Nxb3 Nbd7
16.Nc5 Nxc5 17.dxc5 Ra5 18.Rfc1 Qa8 19.a4 Qa7 20.Bc7 Ra6 21.Bb6 Qa8 22.Ra3 Nd7
23.Bc7 Rc8 24.Bf4 Ra5 25.Be3 Qa6 26.Ne1 Ra8 27.Bxd5 cxd5 28.Nd3 Rxa4 29.Rxa4
Qxa4 30.Qxa4 Rxa4 31.Rb1 Ra1 32.Rxa1 Bxa1 33.f4 Bc3 34.Kg2 f6 35.Bg1 e5
36.fxe5 fxe5 37.Nc1 Kf7 38.Nb3 Ke6 39.Kf3 Nf6 40.Ke3 e4 41.Kf4 h6 42.h4 Be5+
{#R} 0-1

[Event "It (open) \"]
[Site "masterchessopen.com Berlin (Germany)"]
[Round "0"]
[White "Muse Drazen (CRO)"]
[Black "Mueller-Buelow Knut (GER)"]
[Result "1-0"]
[WhiteElo "2388"]
[BlackElo "2053"]

1.d4 Nf6 2.Nf3 g6 3.c4 Bg7 4.g3 c6 5.Bg2 d5 6.Nbd2 O-O 7.O-O Ne4 8.e3 Bg4
9.Qb3 Qb6 10.cxd5 Qxb3 11.axb3 cxd5 12.Nxe4 dxe4 13.Ng5 f5 14.Ne6 Rc8 15.h3
Be2 16.Re1 Bb5 17.Nxg7 Kxg7 18.f3 Bd3 19.Bd2 Nd7 20.fxe4 fxe4 21.Bc3 Nf6
22.Ra5 e6 23.Re5 Kf7 24.Rd1 Re8 25.Rd2 Nd7 26.Rf2+ Kg8 27.Rg5 Rf8 28.Rf4 Rxf4
29.gxf4 Kf7 30.d5 exd5 31.Rxd5 Ke6 32.Rd4 Nc5 33.h4 Ke7 34.Rd5 Rc8 35.Bh3 Rc7
36.Be5 Rc6 37.Bc3 b6 38.Re5+ Kf7 39.b4 Nb7 40.Kf2 Bc2 41.h5 Bd3 42.Kg3 Nd6
43.Be6+ Kf8 44.b5 Rxc3 45.bxc3 Nxb5 46.h6 Nxc3 47.f5 g5 48.f6 {#r} 1-0

[Event "Ch Hungary (team)"]
[Site "masterchessopen.com Hungary"]
[Round "6"]
[White "Csaba Arpad Jr (HUN)"]
[Black "Barat Janos (HUN)"]
[Result "1-0"]
[WhiteElo "2139"]
[BlackElo "2007"]

1.Nf3 g6 2.g3 Bg7 3.Bg2 Nf6 4.O-O O-O 5.c4 c6 6.d4 d5 7.Nbd2 a5 8.b3 Na6 9.Bb2
Nc7 10.Ne5 Ng4 11.Nef3 f6 12.e4 Be6 13.Ne1 dxc4 14.bxc4 f5 15.e5 f4 16.Nd3
fxg3 17.hxg3 Bh6 18.Qe2 Bxd2 19.Nc5 Qc8 20.Nxe6 Qxe6 21.d5 Qf5 22.Bh3 Qc2
23.Bxg4 h5 24.Bh3 cxd5 25.Bc1 Rad8 26.Qxd2 Qxc4 27.Ba3 Rf3 28.Bxe7 Re8 29.Rac1
Qe4 30.Bf6 Nb5 31.Qh6 {#r} 1-0

[Event "Ch Hungary (team)"]
[Site "masterchessopen.com Hungary"]
[Round "6"]
[White "Ruck Robert (HUN)"]
[Black "Schneider Attila (HUN)"]
[Result "1-0"]
[WhiteElo "2435"]
[BlackElo "2380"]

1.c4 Nf6 2.g3 g6 3.Bg2 c6 4.d4 d5 5.Nd2 Bg7 6.Ngf3 O-O 7.O-O Bf5 8.b3 a5 9.Bb2
Ne4 10.Nh4 Nxd2 11.Qxd2 Be6 12.Rfc1 a4 13.Qd3 Qd7 14.Nf3 Na6 15.cxd5 Bxd5
16.bxa4 Bxf3 17.Bxf3 Rfd8 18.Qb3 Qf5 19.Kg2 Rd7 20.Rc4 Rad8 21.Qb6 Qe6 22.Rac1
c5 23.Qxe6 fxe6 24.e3 b6 25.Bc6 Ra7 26.Bc3 cxd4 27.exd4 Rc7 28.Bb5 Rxc4
29.Bxc4 Nc7 30.a5 b5 31.Bb3 Kf7 32.Bb2 Na6 33.Rc6 Rd6 34.Rb6 Nc7 35.Kf3 Ke8
36.Ke4 Kd7 37.f4 Rxb6 38.axb6 Na6 39.a4 Kc6 40.d5+ Kxb6 41.Bxg7 Nc5+ 42.Ke5
Nxb3 43.Kxe6 {#r} 1-0

[Event "It (open)"]
[Site "masterchessopen.com Kassel (Germany)"]
[Round "2"]
[White "Schmidt Jan Peter (GER)"]
[Black "Gutman Lev (GER)"]
[Result "0-1"]
[WhiteElo "2250"]
[BlackElo "2450"]

1.Nf3 Nf6 2.c4 g6 3.g3 Bg7 4.Bg2 O-O 5.O-O c6 6.d4 d5 7.Nbd2 a5 8.b3 a4 9.b4
dxc4 10.Nxc4 Be6 11.Nce5 Bd5 12.Bf4 a3 13.Qc1 Ra4 14.Rd1 Na6 15.Nd3 Nxb4
16.Nxb4 Rxb4 17.Qxa3 Rb5 18.Be5 Ne4 19.Bxg7 Kxg7 20.Nd2 Nxd2 21.Rxd2 Bxg2
22.Kxg2 Qd6 23.Qxd6 exd6 24.e4 Ra8 25.f4 Ra4 26.Kf3 h5 27.h3 Ra3+ 28.Kg2 Re3
29.e5 d5 30.Rf1 Rb4 31.h4 Re4 32.Rfd1 Kf8 33.Kf3 Ke7 34.Rd3 Rc4 35.R1d2 Ke6
36.Rd1 Kf5 37.R1d2 b5 38.a3 Re1 39.Re2 Rxe2 40.Kxe2 Ke4 41.Re3+ Kxd4 42.e6
fxe6 43.Rxe6 Rc2+ 44.Kf3 Rc3+ 45.Kf2 c5 46.Rxg6 Rxa3 {#R} 0-1

[Event "It (2)"]
[Site "masterchessopen.com London (England)"]
[Round "3"]
[White "Whiteley Andrew J (ENG)"]
[Black "Ledger Andrew (ENG)"]
[Result "0-1"]
[WhiteElo "2280"]
[BlackElo "2385"]

1.d4 Nf6 2.c4 g6 3.Nf3 Bg7 4.g3 O-O 5.Bg2 c6 6.O-O d5 7.Nbd2 Bf5 8.b3 Ne4
9.Bb2 a5 10.Nh4 Nxd2 11.Qxd2 Be6 12.e4 Qd7 13.cxd5 cxd5 14.e5 Bh3 15.Bxh3 Qxh3
16.f4 e6 17.Ba3 Rc8 18.Rfc1 Nc6 19.Bd6 h6 20.Nf3 Qf5 21.Rc3 Bf8 22.Bxf8 Kxf8
23.Rac1 a4 24.Qc2 Qxc2 25.R1xc2 Rcb8 26.Kf2 Nb4 27.Rd2 a3 28.Rc7 Na6 29.Rc1
Rc8 30.Rcd1 Nb4 31.Ne1 Kg7 32.Nd3 Nxd3+ 33.Rxd3 Rc2+ 34.R1d2 Rac8 35.Ke2 g5
36.fxg5 hxg5 37.g4 Rb2 38.h3 Rc1 39.b4 Rh1 40.b5 Kf8 41.Kf2 Rxh3 42.Rxh3 Rxd2+
43.Kg1 Rxa2 44.Rh8+ Ke7 45.Ra8 Kd7 {#R} 0-1

[Event "It (open)"]
[Site "masterchessopen.com Mondariz (Spain)"]
[Round "0"]
[White "Kurajica Bojan (CRO)"]
[Black "Paunovic Dragan (SRB)"]
[Result "1-0"]
[WhiteElo "2565"]
[BlackElo "2512"]

1.d4 Nf6 2.Nf3 g6 3.g3 Bg7 4.Bg2 O-O 5.O-O d5 6.Nbd2 c6 7.c4 Nbd7 8.e3 b6
9.Qc2 Ba6 10.Re1 e6 11.b4 Rc8 12.Rb1 Bxc4 13.Nxc4 dxc4 14.Qxc4 c5 15.bxc5 bxc5
16.Qa6 Nd5 17.Bd2 cxd4 18.Nxd4 Nc5 19.Qa3 Qd7 20.Rec1 Na4 21.Bf1 Rxc1 22.Rxc1
Bxd4 23.exd4 Nab6 24.Bh6 Rb8 25.Rc5 Qe7 26.Qc1 Qe8 27.a3 Nc8 28.Bg5 Nce7
29.Qe1 Qd7 30.Bc4 Nf5 31.Bxd5 exd5 32.Qe5 Re8 33.Qxd5 Qxd5 34.Rxd5 Kg7 35.Rd7
Re4 36.Bf4 a5 37.Be5+ Kh6 38.Kg2 Re1 39.Rxf7 {#r} 1-0

[Event "?"]
[Site "masterchessopen.com Montecatini Terme (Italy)"]
[Round "0"]
[White "Gaido Paolo (ITA)"]
[Black "Laco Giuseppe (ITA)"]
[Result "1-0"]
[WhiteElo "2034"]
[BlackElo "2116"]

1.Nf3 g6 2.d4 Bg7 3.g3 d5 4.Bg2 c6 5.O-O Nf6 6.Nbd2 O-O 7.c4 Ne4 8.Qb3 Nxd2
9.Bxd2 dxc4 10.Qxc4 Nd7 11.Rfd1 Nb6 12.Qc2 f6 13.a4 a5 14.e4 Be6 15.b4 axb4
16.Bxb4 Re8 17.Rdb1 Nc8 18.a5 Qd7 19.Bc5 Nd6 20.Bf1 Nxe4 21.Qxe4 Bf5 22.Qe1
Bxb1 23.Rxb1 h6 24.Bc4+ e6 25.Rb2 Kh7 26.Re2 e5 27.dxe5 fxe5 28.Bb6 Qg4 29.Nd2
Re7 30.Ne4 Rd7 31.Rd2 Rxd2 32.Nxd2 Rf8 33.Qe2 Qd7 34.Bd3 Bf6 35.Qe4 Rg8 36.Nb3
Qd5 37.Nc5 Rg7 38.Kg2 h5 39.h4 Qg8 40.Qf3 Qf7 41.Qxh5+ Kg8 42.Qg4 Qe8 43.Qe6+
Qxe6 44.Nxe6 Re7 45.Nc5 Rg7 46.Bc4+ Kh8 47.Be6 e4 48.Bc8 {#r} 1-0

[Event "Ch Portugal (team)"]
[Site "masterchessopen.com Portugal"]
[Round "0"]
[White "Almeida Miguel Angel (ESP)"]
[Black "Lima Paulo (POR)"]
[Result "1-0"]
[WhiteElo "2219"]
[BlackElo "2126"]

1.d4 d5 2.Nf3 c6 3.g3 g6 4.Bg2 Bg7 5.O-O Nf6 6.Nbd2 O-O 7.c4 Bf5 8.b3 Ne4
9.Bb2 Na6 10.Nh4 Nxd2 11.Qxd2 Be6 12.cxd5 cxd5 13.Nf3 Qd6 14.Ne5 Rac8 15.Rfc1
Rfd8 16.Nd3 b6 17.e3 Bf5 18.Bf1 Nc7 19.a4 Ne6 20.f4 Nc7 21.Ba3 Qd7 22.Nb4 a5
23.Nc6 Re8 24.Rc3 Bf6 25.Rac1 Ne6 26.Ba6 Ra8 27.Bb5 Qb7 28.Ne5 Bxe5 29.dxe5 d4
30.exd4 Rad8 31.Bc6 Rxd4 32.Qxd4 Qxc6 33.Rxc6 Nxd4 34.Rxb6 Ne2+ 35.Kf2 Nxc1
36.Bxc1 Rc8 37.Bd2 Rc2 38.Ke3 Rb2 39.Rb8+ Kg7 40.Bxa5 Be6 41.Bd2 Rxb3+ 42.Rxb3
Bxb3 43.a5 Bc4 44.Kd4 Bf1 45.Bb4 Kf8 46.Kc5 Ke8 47.Kb6 Kd7 48.a6 Bg2 49.Ka7
Kc7 50.Bxe7 h5 51.Bd6+ Kc8 52.Kb6 Bf3 53.a7 Bg2 54.h3 Bf3 55.g4 hxg4 56.hxg4
Kd7 57.f5 gxf5 58.gxf5 Bg2 59.Bb4 Ba8 60.Kb5 Bf3 61.Kc4 Bg2 62.Kd4 Bh1 63.Ke3
Bd5 64.Kf4 Kc7 65.e6 fxe6 66.f6 Kd7 67.a8=Q {#r} 1-0

[Event "Tournament (team) \"]
[Site "masterchessopen.com Santiago (Chile)"]
[Round "0"]
[White "Bombardiere Rosas Eduardo (CHI)"]
[Black "Saavedra Juan (CHI)"]
[Result "1-0"]
[WhiteElo "2172"]
[BlackElo "2114"]

1.d4 Nf6 2.Nf3 d5 3.g3 g6 4.Bg2 Bg7 5.O-O O-O 6.Nbd2 c6 7.c4 Nbd7 8.e3 Qc7
9.Qc2 Qb8 10.b3 e5 11.Nxe5 Nxe5 12.dxe5 Qxe5 13.Bb2 Qf5 14.Qxf5 Bxf5 15.cxd5
cxd5 16.Rac1 Be6 17.Rc7 Ne8 18.Bxg7 Nxc7 19.Bxf8 Kxf8 20.Rc1 Ne8 21.Nf3 Rc8
22.Rxc8 Bxc8 23.Nd4 Nc7 24.Kf1 Ke7 25.Ke2 Kd6 26.Kd3 Bd7 27.Kc3 Nb5+ 28.Nxb5+
Bxb5 29.Kd4 Bc6 30.h4 h6 31.b4 b6 32.f4 f6 33.Bf1 g5 34.Bd3 Bd7 35.a3 Bc6
36.Bf5 Be8 37.Bh7 Bf7 38.Bc2 Be8 39.Bd1 Bd7 40.Bb3 Bc6 41.a4 a6 42.a5 bxa5
43.bxa5 Bb7 44.Bd1 gxh4 45.gxh4 Bc6 46.Be2 Bb7 47.Bg4 Kc6 48.Be2 Kd6 49.Bh5
Bc8 50.Bf7 Bb7 51.Bg8 Bc6 52.Bh7 Bd7 53.Bd3 Bc8 54.Bf1 Bb7 55.Bg2 Bc6 56.Bf3
Bb7 57.Bh5 Bc8 58.Bf7 Bb7 59.Be8 Bc8 60.Bg6 Bd7 61.Bf7 Bc6 62.f5 Bb7 63.Be6
Bc6 64.Bc8 Bb5 65.Bb7 Be2 66.Bxd5 Bb5 67.e4 {#r} 1-0

[Event "It"]
[Site "masterchessopen.com Satu-Mare (Romania)"]
[Round "3"]
[White "Foisor Cristina Adela (ROM)"]
[Black "Secheli Gheorghe (ROM)"]
[Result "1-0"]
[WhiteElo "2405"]
[BlackElo "2229"]

1.c4 Nf6 2.Nf3 g6 3.g3 Bg7 4.Bg2 O-O 5.O-O c6 6.d4 d5 7.Nbd2 Bf5 8.Qb3 Qc8
9.Ne5 Nbd7 10.Ndf3 Be4 11.Bh3 Nc5 12.Bxc8 Nxb3 13.axb3 Rfxc8 14.Bg5 h6 15.Bxf6
Bxf6 16.Ra3 c5 17.Rfa1 cxd4 18.Rxa7 Rxa7 19.Rxa7 dxc4 20.bxc4 Rc5 21.b4 Rc8
22.c5 b6 23.Nd2 Bxe5 24.Nxe4 {#r} 1-0

[Event "It (open)"]
[Site "masterchessopen.com St. Ingbert (Germany)"]
[Round "5"]
[White "Fuchs Antje (GER)"]
[Black "Wolter Michael (GER)"]
[Result "1-0"]
[WhiteElo "2124"]
[BlackElo "2197"]

1.Nf3 Nf6 2.d4 g6 3.g3 d5 4.Bg2 Bg7 5.O-O O-O 6.c4 c6 7.Nbd2 Bf5 8.Nh4 Be6
9.b3 Ne4 10.cxd5 Nxd2 11.Qxd2 cxd5 12.Bb2 Qb6 13.Nf3 Rd8 14.Ne5 f6 15.Nd3 Bf7
16.Rfd1 Nc6 17.e3 Re8 18.Rac1 Rad8 19.Qc2 e5 20.dxe5 fxe5 21.Qc5 Bf8 22.Qxb6
axb6 23.Rc2 e4 24.Nf4 g5 25.Ne2 Bh5 26.Bf6 Rc8 27.Rxd5 Kf7 28.Bxg5 Bf3 29.Bh3
Ra8 30.Nf4 h6 31.Rd7+ Kg8 32.Bf6 {#r} 1-0

[Event "Ch World (juniors) (under 18)"]
[Site "masterchessopen.com Szeged (Hungary)"]
[Round "0"]
[White "Charnushevich Alexei (FRA)"]
[Black "Kaminski Marcin (POL)"]
[Result "0-1"]
[WhiteElo "2513"]
[BlackElo "2440"]

1.d4 Nf6 2.g3 g6 3.Bg2 d5 4.Nf3 Bg7 5.O-O O-O 6.Nbd2 c6 7.c4 Bf5 8.b3 a5 9.Bb2
a4 10.bxa4 Qa5 11.Qb3 Nbd7 12.Bc3 Qxa4 13.Qxb7 Rfb8 14.Qb3 Qa6 15.Qd1 dxc4
16.Nh4 Nd5 17.Bxd5 cxd5 18.Nxf5 gxf5 19.Qc2 e6 20.f3 Qa4 21.Qc1 Qa3 22.Qc2 Nb6
23.Nb1 Qa7 24.e3 Na4 25.g4 f4 26.exf4 Nxc3 27.Nxc3 Qxd4+ {#R} 0-1

[Event "Ch Yugoslavia (team) (1 liga)"]
[Site "masterchessopen.com Yugoslavia"]
[Round "7"]
[White "Ivanisevic Dusica (SRB)"]
[Black "Sakotic Jasna (MNE)"]
[Result "0-1"]
[WhiteElo "2129"]
[BlackElo "2042"]

1.Nf3 Nf6 2.c4 g6 3.g3 Bg7 4.Bg2 O-O 5.O-O c6 6.d4 d5 7.Nbd2 Bf5 8.b3 Ne4
9.Bb2 Nd7 10.Nh4 Nxd2 11.Qxd2 Be6 12.cxd5 cxd5 13.Rac1 Nf6 14.Qb4 Qd7 15.Nf3
a5 16.Qb6 Ra6 17.Qc7 Qb5 18.Ne5 Ne4 19.Qc2 Bf5 20.Qd1 a4 21.f3 Nd6 22.Rc5 Qb4
23.Nd3 Bxd4+ 24.Bxd4 Qxd4+ 25.Kh1 Bxd3 26.Rc1 axb3 27.axb3 Ra2 28.Qxd3 Qxd3
29.exd3 Rb2 30.Rb1 Rc2 31.f4 e6 32.Rfc1 Rfc8 33.Rxc2 Rxc2 34.Kg1 Nf5 35.b4 Ne3
36.Bf3 Rd2 37.b5 Rxd3 38.b6 Rd2 39.Rb3 Nc4 40.h4 Rb2 41.Rxb2 Nxb2 42.Be2 Nc4
{#R} 0-1

[Event "n) (b"]
[Site "masterchessopen.com Balatonbereny (Hungary)"]
[Round "3"]
[White "Rogowski Uwe (GER)"]
[Black "Porubszky-Angyalosine Maria (HUN)"]
[Result "0-1"]
[WhiteElo "2095"]
[BlackElo "2023"]

1.d4 d5 2.Nf3 Nf6 3.g3 g6 4.Bg2 Bg7 5.O-O O-O 6.c4 c6 7.Nbd2 dxc4 8.Nxc4 Nbd7
9.b3 Nb6 10.Nce5 Bf5 11.Bb2 Qc8 12.Rc1 Bh3 13.Ba3 Bxg2 14.Kxg2 Qd8 15.Qc2 Nc8
16.e4 Nd6 17.Rfe1 Nb5 18.Bb2 Rc8 19.a4 Nd6 20.Nd2 Nd7 21.Nd3 Qb6 22.Nc5 Qc7
23.e5 Nf5 24.e6 Nxc5 25.dxc5 fxe6 26.Rxe6 Qd7 27.Qc4 Rf7 28.Bxg7 Nxg7 29.Re2
Rd8 30.Nf3 Qd5 31.Qxd5 Rxd5 32.b4 Kf8 33.Ne5 Rf5 34.f4 g5 35.Kf3 gxf4 36.gxf4
Nh5 37.Kg4 e6 38.Re4 Nf6+ 39.Kf3 Nxe4 40.Kxe4 Rd2 41.b5 Re2+ 42.Kd3 Rxh2
43.bxc6 bxc6 44.Nxc6 Rxf4 45.Nxa7 Rh3+ 46.Kc2 Rxa4 {#R} 0-1

[Event "It (open)"]
[Site "masterchessopen.com Benasque (Spain)"]
[Round "8"]
[White "Bernal Moro Luis Javier (ESP)"]
[Black "Cuadras Avellana Jorge (ESP)"]
[Result "1-0"]
[WhiteElo "2400"]
[BlackElo "2305"]

1.d4 Nf6 2.c4 g6 3.g3 c6 4.Bg2 d5 5.Nd2 Bg7 6.Ngf3 O-O 7.O-O Nbd7 8.b3 a5
9.Bb2 a4 10.Bc3 Nh5 11.cxd5 cxd5 12.bxa4 Nc5 13.a5 f5 14.Ne5 Ne4 15.Nxe4 fxe4
16.Qb3 Kh8 17.f3 exf3 18.exf3 Nf6 19.Rfe1 Ne8 20.Rac1 Bxe5 21.Rxe5 e6 22.Bb4
Nd6 23.Qa3 Nb5 24.Qd3 Nd6 25.Qa3 Nb5 26.Qe3 Re8 27.Bh3 Na7 28.Bxe6 Nc6 29.Rxc6
bxc6 30.Bf7 Rg8 31.Bxg8 Bb7 32.Be6 Rb8 33.a3 c5 34.dxc5 {#r} 1-0

[Event "Ch Sweden (juniors)"]
[Site "masterchessopen.com Borlange (Sweden)"]
[Round "13"]
[White "Livner Anders (SWE)"]
[Black "Olsson Per (SWE)"]
[Result "1-0"]
[WhiteElo "2340"]
[BlackElo "2060"]

1.Nf3 Nf6 2.d4 g6 3.g3 Bg7 4.Bg2 O-O 5.O-O c6 6.c4 d5 7.Nbd2 Ne4 8.b3 Nc3
9.Qe1 Ne4 10.Bb2 f5 11.e3 Nd7 12.cxd5 cxd5 13.Qe2 Nb8 14.Rfc1 Nc6 15.a3 Bf6
16.Ne5 Bxe5 17.dxe5 e6 18.b4 a6 19.Nb3 Ng5 20.Qd2 Nf7 21.f4 Qe7 22.Bd4 Qc7
23.a4 Qd7 24.Bf1 Qd8 25.b5 Nxd4 26.Qxd4 a5 27.b6 Re8 28.Rc7 Re7 29.Rac1 Rxc7
30.Rxc7 Qf8 31.Qc5 Qxc5 32.Rxc5 Bd7 33.Nxa5 Nd8 34.Rc7 Be8 35.Nxb7 Nxb7
36.Rxb7 Rxa4 37.Rb8 Kf8 38.Rxe8+ {#r} 1-0

[Event "It (open)"]
[Site "masterchessopen.com Cannes (France)"]
[Round "2"]
[White "Szabolcsi Janos (HUN)"]
[Black "Spielmann Alain (FRA)"]
[Result "1-0"]
[WhiteElo "2475"]
[BlackElo "2270"]

1.d4 Nf6 2.Nf3 g6 3.g3 d5 4.Bg2 Bg7 5.O-O O-O 6.Nbd2 c6 7.c4 a5 8.Ne5 Ng4
9.cxd5 cxd5 10.Ndf3 Nxe5 11.Nxe5 Nc6 12.Nxc6 bxc6 13.e3 a4 14.Bd2 Qb6 15.Bc3
Ba6 16.Re1 Bc4 17.a3 Rfb8 18.Rc1 e6 19.h4 h5 20.g4 Qd8 21.gxh5 Qxh4 22.hxg6 f5
23.Qf3 Bf6 24.Bb4 Bb5 25.Bf1 Qg5+ 26.Qg2 Bxf1 27.Qxg5 Bxg5 28.Kxf1 Rb6 29.Ke2
Re8 30.Rh1 Be7 31.Bc3 Bf6 32.Rh7 Re7 33.Rxe7 Bxe7 34.Rh1 Rb7 35.Rh7 Rc7 36.Ba5
Ra7 37.Bb4 Kf8 38.Kd3 {#r} 1-0

[Event "Czech League 1994/95 (2nd) (a)"]
[Site "masterchessopen.com Czech Republic"]
[Round "7"]
[White "Volfl Zdenek (CZE)"]
[Black "Nemec Otakar (CZE)"]
[Result "1-0"]
[WhiteElo "2202"]
[BlackElo "1877"]

1.Nf3 Nf6 2.c4 g6 3.g3 Bg7 4.Bg2 O-O 5.O-O c6 6.d4 d5 7.Nbd2 Ne4 8.Qb3 Qb6
9.e3 Bf5 10.cxd5 Qxb3 11.Nxb3 cxd5 12.Nh4 Nd7 13.Nxf5 gxf5 14.Bd2 Rfc8 15.Bb4
e6 16.f3 Nef6 17.Rfc1 Rc4 18.Bc3 Rac8 19.Bf1 R4c7 20.Bd3 Bf8 21.Kf2 Bd6 22.h3
h5 23.Bd2 Rxc1 24.Rxc1 Rxc1 25.Bxc1 Kf8 26.Na5 b6 27.Nc6 a5 28.b3 Ke8 29.Bb5
Kf8 30.Bb2 Kg7 31.Na7 Kf8 32.Nc8 Bb4 33.a3 Be7 34.Ke2 Bd8 35.a4 Bc7 36.Ba3+
Kg7 37.Kf2 Kg6 38.Be7 Kg7 39.Nd6 Kg6 40.Nc8 Kg7 41.Kg2 Kg6 42.Na7 Kg7 43.Bc6
Ng8 44.Ba3 Ngf6 45.Nb5 Bb8 46.Be7 Kg8 47.g4 fxg4 48.hxg4 hxg4 49.fxg4 Nxg4
50.Bxd7 Nxe3+ 51.Kf3 Nc2 52.Bd8 Na1 53.Bxb6 Nxb3 54.Ke3 Bg3 55.Kd3 Be1 56.Kc2
Nd2 57.Bxa5 {#r} 1-0

[Event "Czech League 1995/96 (2nd) (b)"]
[Site "masterchessopen.com Czech Republic"]
[Round "4"]
[White "Drabek Miloslav (CZE)"]
[Black "Nidl Petr (CZE)"]
[Result "0-1"]
[WhiteElo "2005"]
[BlackElo "2198"]

1.d4 Nf6 2.c4 g6 3.g3 c6 4.Bg2 d5 5.Nf3 Bg7 6.O-O O-O 7.Nbd2 b6 8.b3 Bb7 9.Bb2
Na6 10.Ne5 Nd7 11.Ndf3 Nxe5 12.Nxe5 Bxe5 13.dxe5 dxc4 14.bxc4 Qxd1 15.Rfxd1
Rfd8 16.Ba3 Kf8 17.Kf1 Nc7 18.Ke1 Ne6 19.Bb2 Nc5 20.Rac1 Ke8 21.Bf3 Rac8
22.Ba1 Ba6 23.Rc2 Rxd1+ 24.Kxd1 Kd8 25.Kc1 Kc7 26.Bb2 Rd8 27.Bg2 Ne6 28.e3 Nc5
29.Bf1 Bc8 30.Rd2 Rxd2 31.Kxd2 Ne4+ 32.Ke1 Bg4 33.Bd3 Nc5 34.Kd2 Be6 35.Ba3
Nxd3 36.Kxd3 c5 37.Kc3 Bf5 38.Bb2 Be4 39.a3 Kd7 40.Kd2 Bf3 41.Kd3 Ke6 42.e4
Bg2 43.f4 Bf1+ 44.Kc3 Be2 45.Bc1 Kd7 46.Be3 e6 47.Bc1 Kc6 48.Be3 Kb7 49.Bc1
Ka6 50.Bd2 b5 51.cxb5+ Kxb5 52.Be3 Bf3 53.Kd3 c4+ 54.Kd4 Be2 55.Kc3 a6 56.Ba7
Bd3 57.Kd4 Ka4 58.Bc5 Kb3 59.Bb4 Bf1 60.g4 Be2 61.g5 Bf1 62.h4 Kb2 63.Ba5 Kxa3
64.Kc3 Bd3 65.Bb6 Ka2 66.Bc5 Kb1 67.Ba3 a5 68.Bb2 Bxe4 69.Ba3 Bd3 70.Bb2 Bf1
71.Ba3 Be2 72.Bb2 Bd3 73.Ba3 Bf1 74.Bb2 Ka2 75.Bc1 a4 76.Bb2 a3 77.Bc1 Bd3
78.Kb4 Kb1 79.Bxa3 Kc2 80.Kc5 Kb3 81.Bc1 Kc3 82.Kd6 Kc2 83.Be3 Kb1 84.Ke7 c3
85.Kxf7 Bf5 86.Kg7 c2 87.Kxh7 c1=Q 88.Bxc1 Kxc1 89.Kh6 Kd2 90.h5 gxh5 91.Kxh5
Ke3 92.g6 {#R} 0-1

[Event "It (open)"]
[Site "masterchessopen.com Geneva (Switzerland)"]
[Round "4"]
[White "Vegh Jean-Pierre (SUI)"]
[Black "Jagstaidt Geetha (SUI)"]
[Result "1-0"]
[WhiteElo "2200"]
[BlackElo "2032"]

1.d4 d5 2.Nf3 Nf6 3.g3 g6 4.Bg2 Bg7 5.O-O O-O 6.c4 c6 7.Nbd2 Nbd7 8.b3 Re8
9.Bb2 Nf8 10.Rc1 Bf5 11.Ne5 h5 12.h3 Rc8 13.e3 N8h7 14.Qe2 Ng5 15.Kh2 Qd6
16.f4 Nge4 17.Ndf3 Rc7 18.Nh4 Bc8 19.cxd5 cxd5 20.Qb5 Bd7 21.Qa5 b6 22.Qa6
Rec8 23.Ba3 Qe6 24.Rxc7 Rxc7 25.Rc1 Nc3 26.Bb4 Nfe4 27.a4 Bxe5 28.fxe5 g5
29.Nf3 Qf5 30.Qf1 Be6 31.Qe1 Nf2 32.Rxc3 Nd3 33.Qd2 {#r} 1-0